000 00819nam0a22002291 4500
001 rc\2720812
005 20260407162818.0
035 _a(NLR Aleph) 006848515
090 _a6721108
_c6721108
100 _a20110915d1938 |||y0rusy50 ca
101 0 _arus
102 _aRU
105 _ay z |||||
200 1 _aТезисы по международному праву
_eПрил. к программе по междунар. праву
_fАкад. наук СССР, Ин-т права
210 _aМосква
_cЮрид. изд-во
_d1938
_g17 ф-ка нац. книги
215 _a12 с.
_d20 см.
712 0 2 _aМосковский институт права
_3RU\NLR\AUTH\8810101374
_9703682
801 0 _aRU
_bNLR
_gpsbo
801 1 _aRU
_bELAR
_2rusmarc
852 _aNLR
_j38-10/6105
942 _cBOOK
980 _aNB